[Event "V MTSz Klubu Polonia Wroclaw"]
[Site "Wroclaw"]
[Date "2010.06.27"]
[Round "2"]
[White "Szumilas, Piotr"]
[Black "Stoma, Pawel"]
[Result "1/2-1/2"]
[WhiteElo "2197"]
[BlackElo "2309"]
[PlyCount "102"]
[EventDate "2010.??.??"]

1. e4 c5 2. Nf3 Nc6 3. d4 cxd4 4. Nxd4 Qc7 5. Nc3 e6 6. g3 a6 7. Bg2 Nf6 8. O-O
Be7 9. Re1 O-O 10. Nxc6 dxc6 11. e5 Rd8 12. Qe2 Nd5 13. Nxd5 cxd5 14. h4 h6 15.
c3 Bd7 16. Qg4 Kf8 17. Bf1 Bb5 18. Bxb5 axb5 19. Be3 Ra4 20. Qd1 Rda8 21. a3
Qxe5 22. Qb3 Qc7 23. Qxb5 Bd6 24. Kg2 Qc6 25. Qxc6 bxc6 26. Rad1 Rb8 27. Re2
Rb3 28. Kf1 Ke7 29. Ke1 f5 30. Rd4 Ra8 31. Bf4 Bc5 32. Rd1 Ra4 33. Kf1 Re4 34.
Rdd2 Kf6 35. f3 Ra4 36. Rd1 g5 37. hxg5+ hxg5 38. Be5+ Kf7 39. Rh2 Kg6 40. Rdd2
Be7 41. Rde2 Ra7 42. Bd6 Bxd6 43. Rxe6+ Kg7 44. Rxd6 Rab7 45. Rxc6 Rxb2 46.
Rxb2 Rxb2 47. Rd6 Rb3 48. Rxd5 Kf6 49. Ra5 Rxc3 50. Ke2 Rc2+ 51. Kf1 Rc3
1/2-1/2

[Event "V MTSz Klubu Polonia Wroclaw"]
[Site "Wroclaw"]
[Date "2010.06.27"]
[Round "2"]
[White "Sabuk, Piotr"]
[Black "Wieczorek, Oskar"]
[Result "0-1"]
[WhiteElo "2193"]
[BlackElo "2305"]
[PlyCount "58"]
[EventDate "2010.??.??"]

1. e4 c5 2. Nf3 d6 3. d4 cxd4 4. Nxd4 Nf6 5. Nc3 Nc6 6. Be2 e6 7. O-O Be7 8.
Be3 O-O 9. f4 Bd7 10. Bf3 Nxd4 11. Bxd4 Bc6 12. a4 Nd7 13. Bf2 a6 14. Qe2 Rc8
15. Nd5 Bxd5 16. exd5 e5 17. fxe5 Nxe5 18. Be4 f5 19. Bd3 g6 20. a5 Bf6 21. c3
Re8 22. Rfe1 Bh4 23. g3 Bg5 24. Bc2 Bd2 25. Bb6 Qg5 26. Be3 Bxe3+ 27. Qxe3 f4
28. Qf2 fxg3 29. hxg3 Rf8 0-1

[Event "V MTSz Klubu Polonia Wroclaw"]
[Site "Wroclaw"]
[Date "2010.06.27"]
[Round "2"]
[White "Obrusnik, Michal"]
[Black "Szczepkowska-Horowska, Karina"]
[Result "1/2-1/2"]
[WhiteElo "2184"]
[BlackElo "2297"]
[PlyCount "104"]
[EventDate "2010.??.??"]

1. d4 Nf6 2. Nc3 d5 3. Bg5 Nbd7 4. f3 e6 5. e4 dxe4 6. fxe4 Be7 7. Nf3 h6 8.
Bf4 a6 9. e5 Nd5 10. Nxd5 exd5 11. Qd2 Nf8 12. O-O-O Be6 13. Kb1 Qd7 14. c4 Rd8
15. c5 Bf5+ 16. Bd3 Bxd3+ 17. Qxd3 Ne6 18. Bc1 Qb5 19. Qf5 b6 20. cxb6 cxb6 21.
h4 Rc8 22. h5 a5 23. g4 a4 24. Qd3 Qxd3+ 25. Rxd3 O-O 26. Re1 b5 27. Nh2 Rc4
28. Nf1 Rxd4 29. Rxd4 Nxd4 30. Rd1 Ne2 31. Rxd5 Nxc1 32. Kxc1 b4 33. Nd2 Rc8+
34. Kd1 Bg5 35. Ne4 Rc1+ 36. Ke2 Rc2+ 37. Kd3 Rxb2 38. Nxg5 hxg5 39. Rb5 Kf8
40. Ke4 b3 41. axb3 axb3 42. Kf5 Rf2+ 43. Kxg5 b2 44. Rb7 Ke8 45. e6 fxe6 46.
Kg6 e5 47. Rb8+ Ke7 48. Kxg7 Rg2 49. Rb7+ Ke6 50. Kf8 Rxg4 51. Rxb2 Rh4 52. h6
Kd5 1/2-1/2

[Event "V MTSz Klubu Polonia Wroclaw"]
[Site "Wroclaw"]
[Date "2010.06.27"]
[Round "2"]
[White "Lach, Aleksandra"]
[Black "Bartel, Michal"]
[Result "1-0"]
[WhiteElo "2179"]
[BlackElo "2287"]
[PlyCount "91"]
[EventDate "2010.??.??"]

1. e4 c5 2. Nf3 Nc6 3. d3 g6 4. g3 Bg7 5. Bg2 d6 6. Nbd2 f5 7. Nc4 e5 8. Ne3
Nge7 9. exf5 gxf5 10. Ng5 O-O 11. f4 h6 12. Nh3 Be6 13. c3 Rb8 14. Bd2 b5 15.
O-O Qd7 16. Qe2 b4 17. Be1 a5 18. Kh1 a4 19. a3 bxc3 20. bxc3 Rb3 21. Rg1 Rfb8
22. Nd1 e4 23. dxe4 fxe4 24. Nhf2 d5 25. g4 Na5 26. f5 Bf7 27. Bh3 Qc6 28. g5
hxg5 29. Rxg5 Qf6 30. Bd2 Qh6 31. Rg1 Qd6 32. Qg4 Qe5 33. Bf4 Qf6 34. Bg5 Qxf5
35. Bxe7 Qxg4 36. Nxg4 Kh8 37. Bxc5 d4 38. Bb4 dxc3 39. Rc1 c2 40. Nde3 Bd4 41.
Rxc2 Bxe3 42. Nxe3 Rxe3 43. Bc3+ Rxc3 44. Rxc3 Nc4 45. Bf1 Ne5 46. Rh3+ 1-0

[Event "V MTSz Klubu Polonia Wroclaw"]
[Site "Wroclaw"]
[Date "2010.06.27"]
[Round "2"]
[White "Orzechowski, Jacek"]
[Black "Krawczyk, Andrzej"]
[Result "1-0"]
[WhiteElo "2283"]
[BlackElo "2137"]
[PlyCount "139"]
[EventDate "2010.??.??"]

1. Nf3 Nf6 2. c4 c5 3. Nc3 Nc6 4. d4 cxd4 5. Nxd4 g6 6. e4 Bg7 7. Nc2 O-O 8.
Be2 d6 9. O-O Ne8 10. Be3 Nc7 11. Qd2 b6 12. Rac1 Be6 13. b3 Na6 14. Nd5 Rc8
15. b4 Nab8 16. f4 f5 17. exf5 gxf5 18. Rf3 Bf7 19. Rg3 Kh8 20. Nd4 e6 21. Nxc6
Nxc6 22. Nc3 Qe7 23. Nb5 Rfd8 24. Nd4 Nxd4 25. Bxd4 e5 26. Bb2 Bg6 27. Re3 e4
28. g4 Qh4 29. gxf5 Bxf5 30. Bxg7+ Kxg7 31. Rg3+ Kh6 32. Rg5 Rg8 33. Qxd6+ Rg6
34. Rxg6+ hxg6 35. Qd2 Rd8 36. Qe3 Qf6 37. c5 Qb2 38. c6 Rd2 39. Re1 Rc2 40. b5
Qxa2 41. Qd4 Kh7 42. Ra1 Qb2 43. Rxa7+ Kh6 44. Qxb2 Rxb2 45. Bc4 Bh3 46. Ra1
Rg2+ 47. Kh1 Rc2 48. Bf1 Bg4 49. Bg2 e3 50. Re1 Rd2 51. c7 Rc2 52. Bc6 e2 53.
Kg2 Kg7 54. Kg3 Bf5 55. Kf3 Rc3+ 56. Kf2 Rh3 57. Rxe2 Rxh2+ 58. Ke3 Rh4 59. Rd2
Kf6 60. Rd8 Rh3+ 61. Kf2 Rh2+ 62. Kg3 Rh3+ 63. Kg2 Rh7 64. Rf8+ Rf7 65. Rxf7+
Kxf7 66. Bb7 g5 67. Kf3 gxf4 68. Kxf4 Bd7 69. Ke5 Ke7 70. Kd5 1-0

[Event "V MTSz Klubu Polonia Wroclaw"]
[Site "Wroclaw"]
[Date "2010.06.27"]
[Round "2"]
[White "Goluch, Piotr"]
[Black "Przezdziecka, Marta"]
[Result "0-1"]
[WhiteElo "2139"]
[BlackElo "2278"]
[PlyCount "99"]
[EventDate "2010.??.??"]

1. e4 g6 2. d4 Bg7 3. f4 d5 4. e5 Nh6 5. Nf3 O-O 6. Nc3 Bg4 7. Be3 f6 8. Be2 e6
9. Qd2 Nf5 10. Bf2 Nc6 11. O-O-O Bxf3 12. Bxf3 fxe5 13. dxe5 Nxe5 14. Qe2 Nxf3
15. Qxe6+ Rf7 16. Rxd5 Qf8 17. Rxf5 gxf5 18. gxf3 Qb4 19. Rg1 Qxf4+ 20. Be3 Qd6
21. Qxd6 cxd6 22. Nb5 Re8 23. Bf4 Rfe7 24. Nxd6 Re1+ 25. Rxe1 Rxe1+ 26. Kd2 Re7
27. b4 Rd7 28. c4 Bf8 29. c5 Bxd6 30. Bxd6 Kf7 31. Kd3 Ke6 32. Kd4 Rg7 33. Bg3
Rd7+ 34. Bd6 b5 35. a3 h5 36. h4 a6 37. Ke3 Rg7 38. Kf4 Rg2 39. Be5 Rh2 40. Kg3
Ra2 41. Bc7 Rxa3 42. Kf4 Rb3 43. Ba5 Rc3 44. Bb6 Rc4+ 45. Kg5 Rxb4 46. c6 Rc4
47. c7 b4 48. Kxh5 b3 49. Bd4 Rxc7 50. Kg6 0-1

[Event "V MTSz Klubu Polonia Wroclaw"]
[Site "Wroclaw"]
[Date "2010.06.27"]
[Round "2"]
[White "Sadzikowski, Daniel"]
[Black "Belenkaya, Dina"]
[Result "1-0"]
[WhiteElo "2258"]
[BlackElo "2125"]
[PlyCount "95"]
[EventDate "2010.??.??"]

1. e4 c6 2. d4 d5 3. Nc3 dxe4 4. Nxe4 Bf5 5. Ng3 Bg6 6. h4 h6 7. Nf3 Nd7 8. h5
Bh7 9. Bd3 Bxd3 10. Qxd3 Ngf6 11. Bd2 e6 12. O-O-O Be7 13. Ne4 Nxe4 14. Qxe4
Nf6 15. Qe2 Rc8 16. Kb1 Qd5 17. Be3 O-O 18. Ne5 c5 19. c4 Qe4+ 20. Qd3 Qxd3+
21. Rxd3 cxd4 22. Bxd4 Rfd8 23. b3 a6 24. g4 Bd6 25. Bb6 Bc7 26. Bxc7 Rxd3 27.
Nxd3 Rxc7 28. f3 Nd7 29. Re1 Kf8 30. Kb2 Rc6 31. Kc3 f6 32. a4 a5 33. b4 Nb6
34. Nc5 e5 35. Rd1 Ke7 36. bxa5 Rxc5 37. axb6 e4 38. fxe4 Rg5 39. Kb4 Rxg4 40.
a5 Rg2 41. a6 bxa6 42. Kc5 Rb2 43. Kc6 Ke8 44. b7 Rb4 45. c5 Rb5 46. Ra1 Ke7
47. Rxa6 Rb2 48. Rb6 1-0

[Event "V MTSz Klubu Polonia Wroclaw"]
[Site "Wroclaw"]
[Date "2010.06.27"]
[Round "2"]
[White "Setkauskas, Vaidas"]
[Black "Poznanska, Katarzyna"]
[Result "0-1"]
[WhiteElo "2246"]
[BlackElo "2068"]
[PlyCount "90"]
[EventDate "2010.??.??"]

1. e4 c5 2. Nf3 a6 3. d4 cxd4 4. Nxd4 Nf6 5. Nc3 e5 6. Nb3 Bb4 7. Bd3 d5 8.
exd5 e4 9. Be2 Nxd5 10. Qd4 O-O 11. O-O Bxc3 12. bxc3 Nc6 13. Qc5 Be6 14. Rd1
Rc8 15. c4 Ncb4 16. Qd4 Nxc2 17. Qb2 Nxa1 18. Qxa1 Qf6 19. Bb2 Qg5 20. cxd5 Bh3
21. Bf1 e3 22. Bc1 exf2+ 23. Kh1 Qf5 24. Qd4 Rfe8 25. Be3 Re4 26. Qd2 Bg4 27.
Ra1 Rce8 28. Bxf2 Be2 29. Kg1 Bxf1 30. Rxf1 Re2 31. Qd1 Rxa2 32. d6 Rd8 33. Qd4
Qe6 34. Nc5 Qxd6 35. Qc4 Rb2 36. Be3 Qd5 37. Qg4 Rb6 38. Qe2 Rg6 39. Rb1 b5 40.
Qf2 h6 41. h3 Re8 42. Rb3 Rf6 43. Qg3 Qd1+ 44. Kh2 Rf1 45. Qc7 Qe1 0-1

[Event "V MTSz Klubu Polonia Wroclaw"]
[Site "Wroclaw"]
[Date "2010.06.27"]
[Round "2"]
[White "Laurusas, Tomas"]
[Black "Chrzaszcz, Malvina"]
[Result "1-0"]
[WhiteElo "2222"]
[BlackElo "2032"]
[PlyCount "69"]
[EventDate "2010.??.??"]

1. d4 Nf6 2. c4 e6 3. Nf3 b6 4. g3 Bb7 5. Bg2 Be7 6. O-O O-O 7. Nc3 d6 8. Qc2
Nbd7 9. e4 c5 10. d5 Ng4 11. Bh3 Ndf6 12. dxe6 fxe6 13. Ng5 Bc8 14. e5 Nxe5 15.
f4 Nc6 16. Qg2 Qe8 17. Bxe6+ Bxe6 18. Nxe6 Qd7 19. Nxf8 Bxf8 20. Nd5 Nxd5 21.
Qxd5+ Kh8 22. Bd2 Re8 23. Rae1 Nd4 24. Rxe8 Qxe8 25. Re1 Qg6 26. Bc3 Nf5 27.
Qa8 Kg8 28. Re8 Qf7 29. Qe4 Qh5 30. Qe6+ Qf7 31. Qxf7+ Kxf7 32. Ra8 Ne3 33.
Rxa7+ Kg6 34. b3 d5 35. Bd2 1-0

[Event "V MTSz Klubu Polonia Wroclaw"]
[Site "Wroclaw"]
[Date "2010.06.27"]
[Round "2"]
[White "Kaczmarek, Maciej"]
[Black "Sokalsky, Alexander"]
[Result "0-1"]
[WhiteElo "2032"]
[BlackElo "2217"]
[PlyCount "84"]
[EventDate "2010.??.??"]

1. e4 c5 2. Nf3 e6 3. d4 cxd4 4. Nxd4 Nc6 5. Nb5 d6 6. c4 Nf6 7. N1c3 a6 8. Na3
d5 9. cxd5 exd5 10. exd5 Nb4 11. Bc4 b5 12. Bb3 Bc5 13. O-O O-O 14. Bg5 Bf5 15.
Qf3 Bg6 16. Rad1 Qb6 17. Bxf6 Qxf6 18. Qxf6 gxf6 19. Rd2 Rfe8 20. Nc2 Nd3 21.
Nd1 Rad8 22. a3 Nc1 23. Na1 Bd3 24. Bc2 Ne2+ 25. Kh1 Ng3+ 26. hxg3 Bxf1 27. b4
Bb6 28. Nb3 Re1 29. Kh2 Bc4 30. Nc3 Kg7 31. Nc5 Ra1 32. d6 Rxa3 33. N3e4 a5 34.
Nb7 axb4 35. Nxd8 Bxd8 36. Nc5 b3 37. Bb1 Ra1 38. Rb2 Ra2 39. Rxb3 Bxb3 40.
Bxa2 Bxa2 41. Nb7 Bb6 42. d7 Bd5 0-1

[Event "V MTSz Klubu Polonia Wroclaw"]
[Site "Wroclaw"]
[Date "2010.06.27"]
[Round "2"]
[White "Krupa, Monika"]
[Black "Zmarzly, Aleksandra"]
[Result "1-0"]
[WhiteElo "2214"]
[BlackElo "2026"]
[PlyCount "57"]
[EventDate "2010.??.??"]

1. e4 e6 2. d4 d5 3. Nd2 Nf6 4. e5 Nfd7 5. Bd3 c5 6. c3 Nc6 7. Ndf3 cxd4 8.
cxd4 f6 9. Bf4 Bb4+ 10. Kf1 O-O 11. g3 fxe5 12. dxe5 h6 13. h4 Be7 14. Kg2 Nc5
15. Bb1 Qb6 16. Nh3 Qxb2 17. Nfg5 Nxe5 18. Bh7+ Kh8 19. Rb1 Qxa2 20. Bxe5 Bxg5
21. hxg5 Kxh7 22. gxh6 Rf5 23. Rb2 Qa4 24. Ng5+ Rxg5 25. hxg7+ Kg8 26. Rh8+ Kf7
27. Qf3+ Ke7 28. Qf8+ Kd7 29. Qe8# 1-0

[Event "V MTSz Klubu Polonia Wroclaw"]
[Site "Wroclaw"]
[Date "2010.06.28"]
[Round "3"]
[White "Simacek, Pavel"]
[Black "Wojtaszek, Radoslaw"]
[Result "0-1"]
[WhiteElo "2518"]
[BlackElo "2663"]
[PlyCount "94"]
[EventDate "2010.??.??"]

1. e4 c5 2. Nf3 d6 3. d4 cxd4 4. Nxd4 Nf6 5. Nc3 a6 6. Bg5 Nbd7 7. Bc4 Qb6 8.
Bb3 e6 9. O-O Be7 10. Be3 Nc5 11. f4 Qc7 12. Qf3 b5 13. f5 Nxb3 14. cxb3 O-O
15. fxe6 fxe6 16. Qh3 e5 17. Nf5 b4 18. Nd5 Nxd5 19. exd5 Rxf5 20. Rxf5 Qb7 21.
Rc1 Bxf5 22. Qxf5 Qxd5 23. Rc8+ Rxc8 24. Qxc8+ Kf7 25. Qxa6 Qd1+ 26. Kf2 d5 27.
Qc8 Qd3 28. a4 bxa3 29. bxa3 d4 30. Bc1 g6 31. Qc6 Qf5+ 32. Ke2 d3+ 33. Ke1 e4
34. Qc4+ Qe6 35. Qxe6+ Kxe6 36. a4 Bc5 37. Kd2 Kd5 38. Bb2 Bb4+ 39. Bc3 Bd6 40.
g3 Bf8 41. Bf6 Bh6+ 42. Kc3 d2 43. Kc2 e3 44. Kd1 Ke4 45. Ke2 d1=Q+ 46. Kxd1
Kd3 47. Ke1 Bf8 0-1

[Event "V MTSz Klubu Polonia Wroclaw"]
[Site "Wroclaw"]
[Date "2010.06.28"]
[Round "3"]
[White "Baklan, Vladimir"]
[Black "Piorun, Kacper"]
[Result "0-1"]
[WhiteElo "2633"]
[BlackElo "2499"]
[PlyCount "132"]
[EventDate "2010.??.??"]

1. e4 e6 2. d4 d5 3. Nc3 Bb4 4. e5 c5 5. a3 Bxc3+ 6. bxc3 Qa5 7. Bd2 Qa4 8. Qb1
c4 9. Qd1 Ne7 10. Nh3 Nbc6 11. Nf4 Bd7 12. g3 O-O-O 13. Bh3 Kb8 14. O-O Ka8 15.
Nh5 Rhg8 16. f4 Rdf8 17. g4 Nd8 18. Kh1 Bc8 19. Be1 Ndc6 20. Bh4 Ng6 21. Bg3
Nge7 22. Qd2 Bd7 23. Rf2 Qa5 24. Qe3 Qa4 25. Qe1 Qa5 26. Rf3 Qa4 27. Qf2 Qb5
28. Qd2 Qa4 29. Qc1 b6 30. Qb2 Qa6 31. Raf1 Bc8 32. Qc1 Qb7 33. Bh4 Ng6 34. Be1
Nge7 35. Bd2 f6 36. exf6 gxf6 37. Be1 f5 38. g5 Qa6 39. Bg2 Nd8 40. Nf6 Rg7 41.
Rh3 Rh8 42. Rff3 Qa4 43. Rh5 Ng6 44. Rfh3 Nf8 45. Qb2 Nf7 46. Qb4 Qxc2 47. Re3
Ng6 48. Nxd5 exd5 49. Bxd5+ Bb7 50. Bxb7+ Kxb7 51. Qxc4 Rd8 52. Qf1 Nd6 53.
Rhh3 Ne4 54. Re2 Qb3 55. Rhe3 Qd5 56. Kg1 Re7 57. h4 Qd6 58. Rf3 h5 59. gxh6
Nh8 60. Rg2 Qxh6 61. Qb5 Nf6 62. Bf2 Qh5 63. Rd3 Ng4 64. d5 Nxf2 65. Rxf2 Re1+
66. Rf1 Qg4+ 0-1

[Event "V MTSz Klubu Polonia Wroclaw"]
[Site "Wroclaw"]
[Date "2010.06.28"]
[Round "3"]
[White "Warakomski, Tomasz"]
[Black "Markowski, Tomasz"]
[Result "1/2-1/2"]
[WhiteElo "2499"]
[BlackElo "2628"]
[PlyCount "66"]
[EventDate "2010.??.??"]

1. e4 e5 2. Nf3 Nc6 3. Bc4 Bc5 4. b4 Bb6 5. a4 a6 6. Nc3 d6 7. Nd5 Ba7 8. d3 h6
9. c3 Nf6 10. O-O O-O 11. Be3 Nxd5 12. Bxd5 Ne7 13. Bb3 Ng6 14. h3 Qf6 15. Kh1
Be6 16. Nh2 Bxb3 17. Qxb3 Qe6 18. Qxe6 fxe6 19. Bxa7 Rxa7 20. d4 Raa8 21. Ng4
Rad8 22. f3 h5 23. Ne3 d5 24. exd5 exd5 25. Rfd1 c6 26. b5 Rde8 27. bxc6 bxc6
28. Nc2 a5 29. Re1 c5 30. dxe5 Rxe5 31. Rxe5 Nxe5 32. Rb1 Re8 33. Kg1 Nd3
1/2-1/2

[Event "V MTSz Klubu Polonia Wroclaw"]
[Site "Wroclaw"]
[Date "2010.06.28"]
[Round "3"]
[White "Dobrowolski, Piotr"]
[Black "Markus, Robert"]
[Result "1/2-1/2"]
[WhiteElo "2397"]
[BlackElo "2615"]
[PlyCount "65"]
[EventDate "2010.??.??"]

1. e4 c5 2. Nf3 e6 3. d4 cxd4 4. Nxd4 a6 5. Bd3 Bc5 6. Nb3 Be7 7. Qg4 g6 8. Qe2
d6 9. O-O Nd7 10. Na3 b6 11. Nc4 Bb7 12. Bf4 Qc7 13. Rad1 Ngf6 14. Bh6 Rg8 15.
Bf4 g5 16. Bg3 Ne5 17. Nxe5 dxe5 18. Nd2 Rg6 19. a4 Kf8 20. c3 Nd7 21. Bc2 Bc6
22. Nc4 f6 23. Qg4 Kf7 24. Ne3 Bf8 25. h4 gxh4 26. Qxh4 Kg8 27. b4 Kh8 28. Bb3
Re8 29. Qh3 Rh6 30. Qg4 Rg6 31. Qh3 Rh6 32. Qg4 Rg6 33. Qh3 1/2-1/2

[Event "V MTSz Klubu Polonia Wroclaw"]
[Site "Wroclaw"]
[Date "2010.06.28"]
[Round "3"]
[White "Macieja, Bartlomiej"]
[Black "Aliavdin, Nikolai"]
[Result "1-0"]
[WhiteElo "2618"]
[BlackElo "2367"]
[PlyCount "81"]
[EventDate "2010.??.??"]

1. Nf3 Nf6 2. c4 g6 3. d4 Bg7 4. Nc3 d6 5. e4 O-O 6. h3 e5 7. d5 a5 8. Bg5 Qe8
9. g4 Na6 10. Be2 Kh8 11. Nd2 Ng8 12. h4 f6 13. Be3 f5 14. gxf5 gxf5 15. exf5
Bxf5 16. Rg1 Nb4 17. Nde4 Nf6 18. Bf3 Nxe4 19. Bxe4 Qf7 20. a3 Bxe4 21. Nxe4
Qf5 22. Qb1 Na6 23. Ng5 Qxb1+ 24. Rxb1 b6 25. Ne6 Rf7 26. b4 axb4 27. axb4 Nxb4
28. Rxg7 Nc2+ 29. Kd2 Rxg7 30. Kxc2 Rg4 31. Kb3 Rxh4 32. Nxc7 Rc8 33. Bxb6 Rb8
34. Kc3 Rh3+ 35. Kc2 Rh4 36. Kd3 Rh3+ 37. Ke2 Ra3 38. f4 Rg8 39. Kf2 Rg4 40.
Ne6 Rh4 41. Bc5 1-0

[Event "V MTSz Klubu Polonia Wroclaw"]
[Site "Wroclaw"]
[Date "2010.06.28"]
[Round "3"]
[White "Swiercz, Dariusz"]
[Black "Matuszewski, Michal"]
[Result "1/2-1/2"]
[WhiteElo "2501"]
[BlackElo "2308"]
[PlyCount "160"]
[EventDate "2010.??.??"]

1. d4 d5 2. c4 e6 3. Nf3 c6 4. Nc3 dxc4 5. Bg5 Be7 6. Bxe7 Qxe7 7. e3 b5 8. a4
Qb4 9. Qc2 Nf6 10. Be2 Nbd7 11. O-O O-O 12. Rfb1 Bb7 13. b3 cxb3 14. Rxb3 Qe7
15. axb5 cxb5 16. Rxb5 Nb6 17. Rba5 Qb4 18. Rc5 Rac8 19. Rb1 Qa3 20. Nb5 Qa4
21. Qxa4 Nxa4 22. Rxc8 Bxc8 23. Ra1 a6 24. Rxa4 axb5 25. Bxb5 Bd7 26. Bxd7 Nxd7
27. Ra7 Rd8 28. g4 h6 29. h4 g6 30. g5 hxg5 31. hxg5 Kg7 32. Rb7 Kf8 33. Nh2 e5
34. Ng4 exd4 35. exd4 Kg7 36. Kg2 Nf8 37. Nh6 Rd7 38. Rxd7 Nxd7 39. Ng4 Kf8 40.
Kf3 Ke7 41. Ke4 Kd6 42. Ne5 f5+ 43. gxf6 Nxf6+ 44. Kd3 g5 45. Nf7+ Ke6 46.
Nxg5+ Kf5 47. Nf7 Ne4 48. Ke3 Nf6 49. Nd6+ Ke6 50. Ne4 Nd5+ 51. Kd3 Nb6 52. Ng3
Kd5 53. Nf5 Nc8 54. f3 Na7 55. Ne3+ Ke6 56. Ke4 Nb5 57. d5+ Kf6 58. Nc4 Nc3+
59. Kd4 Ne2+ 60. Kc5 Nf4 61. d6 Ke6 62. Kc6 Nd5 63. d7 Ne7+ 64. Kc7 Nd5+ 65.
Kc8 Ne7+ 66. Kc7 Nd5+ 67. Kc8 Ne7+ 68. Kd8 Nd5 69. f4 Nf6 70. Ne3 Nxd7 71. f5+
Kd6 72. Nc4+ Kc6 73. Ke7 Kc7 74. Ne3 Kc6 75. Ng4 Nb6 76. Ne5+ Kd5 77. f6 Kxe5
78. f7 Nd5+ 79. Kd8 Nf4 80. f8=Q Ne6+ 1/2-1/2

[Event "V MTSz Klubu Polonia Wroclaw"]
[Site "Wroclaw"]
[Date "2010.06.28"]
[Round "3"]
[White "Butnorius, Algimantas"]
[Black "Solys, Laimutis"]
[Result "1/2-1/2"]
[WhiteElo "2439"]
[BlackElo "2305"]
[PlyCount "78"]
[EventDate "2010.??.??"]

1. c4 e6 2. d4 Nf6 3. Nf3 d5 4. Nc3 Be7 5. Bg5 Nbd7 6. e3 O-O 7. Qc2 c5 8. cxd5
Nxd5 9. Bxe7 Qxe7 10. Nxd5 exd5 11. Bd3 g6 12. dxc5 Nxc5 13. O-O Bd7 14. Be2
Rfd8 15. Rfd1 Ba4 16. b3 Bc6 17. Rac1 Ne4 18. Qb2 Rac8 19. Rc2 Nd6 20. Nd4 Bd7
21. Bf3 Ne4 22. Rdc1 Rxc2 23. Rxc2 Qd6 24. Qc1 Ng5 25. Rc5 Be6 26. Rc7 Rd7 27.
Rc8+ Rd8 28. Rxd8+ Qxd8 29. Qc5 a6 30. Kf1 Qd7 31. a4 h5 32. h3 Nh7 33. Nxe6
fxe6 34. h4 Nf6 35. g3 Kf7 36. Kg2 e5 37. Qb6 e4 38. Be2 Ng4 39. Bxg4 hxg4
1/2-1/2

[Event "V MTSz Klubu Polonia Wroclaw"]
[Site "Wroclaw"]
[Date "2010.06.28"]
[Round "3"]
[White "Leniart, Arkadiusz"]
[Black "Czyz, Artur"]
[Result "1-0"]
[WhiteElo "2423"]
[BlackElo "2061"]
[PlyCount "120"]
[EventDate "2010.??.??"]

1. e4 e5 2. Nf3 Nc6 3. Bc4 Nf6 4. Ng5 d5 5. exd5 Na5 6. Bb5+ c6 7. dxc6 bxc6 8.
Be2 h6 9. Nh3 Be6 10. d3 Qd7 11. Ng1 Bd6 12. Nf3 Rd8 13. Nbd2 Qc7 14. O-O Be7
15. Qe1 O-O 16. b3 Nd5 17. Bb2 f6 18. d4 Nb4 19. Bd1 Bf5 20. dxe5 Rfe8 21. a3
Nxc2 22. Bxc2 Bxc2 23. Nd4 Bd3 24. Ne6 Qd7 25. Nxd8 Bxf1 26. Kxf1 Bxd8 27. b4
Nb3 28. Rd1 Nxd2+ 29. Qxd2 Qxd2 30. Rxd2 fxe5 31. Bxe5 Rxe5 32. Rxd8+ Kf7 33.
Rc8 a5 34. Rxc6 axb4 35. axb4 Kg8 36. Rc1 Kf7 37. Rb1 Rb5 38. Ke2 Ke6 39. Kd3
Kd5 40. h4 Kc6 41. Rb2 Re5 42. b5+ Kb6 43. f4 Re1 44. Kd4 Rh1 45. g3 Re1 46.
Rb3 Re2 47. Kd5 Re1 48. f5 h5 49. Kd4 Re2 50. Re3 Ra2 51. Ke5 Kxb5 52. Kf4 Kc5
53. Kg5 Kd4 54. Rf3 Ra5 55. Kxh5 Ke4 56. Rf4+ Ke5 57. Kg6 Ra3 58. Rg4 Ra7 59.
Rg5 Kd6 60. h5 Re7 1-0

[Event "V MTSz Klubu Polonia Wroclaw"]
[Site "Wroclaw"]
[Date "2010.06.28"]
[Round "3"]
[White "Sakalauskas, Vaidas"]
[Black "Goslawski, Michal"]
[Result "1-0"]
[WhiteElo "2412"]
[BlackElo "2044"]
[PlyCount "111"]
[EventDate "2010.??.??"]

1. d4 Nf6 2. c4 e6 3. Nc3 Bb4 4. Qc2 O-O 5. Bg5 h6 6. Bh4 Nc6 7. e3 Re8 8. Nf3
e5 9. Rd1 exd4 10. Nxd4 Ne5 11. Be2 d6 12. O-O Bxc3 13. Bxf6 Qxf6 14. Qxc3 Be6
15. Nb5 Re7 16. Qd4 a6 17. Nc3 Nd7 18. Qd2 a5 19. f4 Nb6 20. b3 Bd7 21. e4 Bc6
22. Bf3 a4 23. g3 axb3 24. axb3 Ree8 25. Bg2 Ra3 26. Qc2 Rea8 27. Rf2 Qg6 28.
Rfd2 Qf6 29. Nd5 Bxd5 30. cxd5 Qe7 31. Qb2 Nd7 32. b4 f5 33. Re2 fxe4 34. Rxe4
Qf6 35. Re2 Qxb2 36. Rxb2 Rc3 37. Bh3 Nf6 38. Bf5 Raa3 39. Bg6 Kf8 40. Re2 Re3
41. Rc2 Rac3 42. Ra2 Ra3 43. Rad2 Ng8 44. Bf5 Nf6 45. Be6 Reb3 46. Rc2 Ne8 47.
Bd7 Rc3 48. Rdc1 Rxc2 49. Rxc2 Rb3 50. Bxe8 Kxe8 51. Rxc7 Rxb4 52. Rxg7 b5 53.
Rg6 Kd7 54. Rxh6 Rb2 55. Rh7+ Kc8 56. f5 1-0

[Event "V MTSz Klubu Polonia Wroclaw"]
[Site "Wroclaw"]
[Date "2010.06.28"]
[Round "3"]
[White "Fridman, Daniel"]
[Black "Przezdziecka, Marta"]
[Result "1-0"]
[WhiteElo "2654"]
[BlackElo "2278"]
[PlyCount "69"]
[EventDate "2010.??.??"]

1. Nf3 Nf6 2. c4 g6 3. d4 Bg7 4. Nc3 d5 5. cxd5 Nxd5 6. e4 Nxc3 7. bxc3 O-O 8.
Be3 c5 9. Qd2 Qa5 10. Rc1 Rd8 11. d5 e6 12. Bg5 f6 13. Bf4 exd5 14. exd5 Be6
15. c4 Qxd2+ 16. Nxd2 Bf5 17. Be2 g5 18. Bg3 Na6 19. a3 Re8 20. Kd1 Bd7 21. Bh5
Ba4+ 22. Rc2 Red8 23. Bg4 h5 24. Be6+ Kh8 25. h4 g4 26. Ne4 b6 27. Kc1 Bxc2 28.
Kxc2 Nb8 29. Nd6 Rf8 30. Re1 a6 31. Nf7+ Kh7 32. Bf5+ Kg8 33. Re7 b5 34. Be6
Kh7 35. Nd6 1-0

[Event "V MTSz Klubu Polonia Wroclaw"]
[Site "Wroclaw"]
[Date "2010.06.28"]
[Round "3"]
[White "Zawadzka, Jolanta"]
[Black "Sadzikowski, Daniel"]
[Result "1-0"]
[WhiteElo "2415"]
[BlackElo "2258"]
[PlyCount "85"]
[EventDate "2010.??.??"]

1. e4 e5 2. Nf3 Nc6 3. d4 exd4 4. Nxd4 Nf6 5. Nxc6 bxc6 6. e5 Qe7 7. Qe2 Nd5 8.
c4 Ba6 9. b3 O-O-O 10. Bb2 g5 11. Nd2 Bg7 12. O-O-O Nf4 13. Qe3 c5 14. Ne4 Bxe5
15. Nxc5 Bxb2+ 16. Kxb2 Qf6+ 17. Qc3 Qxc3+ 18. Kxc3 Bb7 19. Nxb7 Kxb7 20. g3
Ne6 21. h4 c6 22. hxg5 Nxg5 23. Bd3 d5 24. Rde1 Rde8 25. Rxe8 Rxe8 26. f4 Ne4+
27. Bxe4 dxe4 28. Rxh7 e3 29. Rh1 f5 30. Re1 e2 31. Kd3 Rg8 32. Rxe2 Rxg3+ 33.
Kd4 a5 34. Ke5 Kb6 35. Kxf5 Kc5 36. Ke6 a4 37. f5 axb3 38. axb3 Kd4 39. f6 Rxb3
40. f7 Rf3 41. c5 Rf1 42. Rd2+ Kxc5 43. Rd8 1-0

[Event "V MTSz Klubu Polonia Wroclaw"]
[Site "Wroclaw"]
[Date "2010.06.28"]
[Round "3"]
[White "Strzemiecki, Zbigniew"]
[Black "Bebel, Arkadiusz"]
[Result "1/2-1/2"]
[WhiteElo "2381"]
[BlackElo "2247"]
[PlyCount "52"]
[EventDate "2010.??.??"]

1. d4 c5 2. d5 d6 3. c4 g6 4. Nc3 Bg7 5. e4 e6 6. Bd3 exd5 7. cxd5 Ne7 8. h3
O-O 9. Nf3 a6 10. a4 f5 11. exf5 Nxf5 12. O-O Nd4 13. Nxd4 Bxd4 14. Ne2 Bg7 15.
Nf4 Be5 16. Ne6 Bxe6 17. dxe6 Qe7 18. Bc4 Nc6 19. f4 Bg7 20. f5 gxf5 21. Qh5
Kh8 22. Bg5 Bf6 23. Bh6 Bg7 24. Bg5 Bf6 25. Bh6 Bg7 26. Bg5 Bf6 1/2-1/2

[Event "V MTSz Klubu Polonia Wroclaw"]
[Site "Wroclaw"]
[Date "2010.06.28"]
[Round "3"]
[White "Limontaite, Simona"]
[Black "Krzyzanowski, Marcin"]
[Result "0-1"]
[WhiteElo "2230"]
[BlackElo "2377"]
[PlyCount "82"]
[EventDate "2010.??.??"]

1. d4 Nf6 2. c4 d6 3. Nc3 e5 4. Nf3 e4 5. Ng5 Qe7 6. Qc2 Nc6 7. d5 Nd4 8. Qd1
Nf5 9. e3 h6 10. Nh3 g5 11. Ng1 Bg7 12. Qc2 O-O 13. b3 c6 14. Bb2 cxd5 15. Nxd5
Nxd5 16. cxd5 Bd7 17. Bxg7 Nxg7 18. Qb2 Rac8 19. a4 f5 20. Ne2 f4 21. Nd4 Qe5
22. Bc4 Nf5 23. Qd2 fxe3 24. fxe3 Ne7 25. Rb1 Kh7 26. Ne2 a6 27. a5 Rc5 28. Nc3
Bb5 29. Qd4 Bxc4 30. Qxe5 dxe5 31. bxc4 Rxc4 32. Rxb7 Rxc3 33. Rxe7+ Kg6 34.
Re6+ Kh5 35. g4+ Kxg4 36. Rg1+ Kh5 37. Rg3 Rc1+ 38. Kd2 Rfc8 39. Rc6 R8xc6 40.
dxc6 Rxc6 41. Rg1 Rc5 0-1

[Event "V MTSz Klubu Polonia Wroclaw"]
[Site "Wroclaw"]
[Date "2010.06.28"]
[Round "3"]
[White "Kuchynka, Lukas"]
[Black "Laurusas, Tomas"]
[Result "0-1"]
[WhiteElo "2334"]
[BlackElo "2222"]
[PlyCount "60"]
[EventDate "2010.??.??"]

1. e4 c5 2. Nf3 e6 3. d4 cxd4 4. Nxd4 a6 5. Nc3 Qc7 6. Bd3 Bc5 7. Nb3 Be7 8.
Be3 Nf6 9. f4 d6 10. O-O Nbd7 11. Qf3 h5 12. Rae1 b6 13. e5 Bb7 14. exd6 Bxd6
15. Ne4 Be7 16. Bd4 Rd8 17. c3 h4 18. Qh3 Nh5 19. Be5 Nxe5 20. fxe5 g5 21. Bc2
Nf4 22. Qe3 Rd5 23. Nd4 Rxe5 24. Nf3 Bc5 25. Nd4 Ke7 26. b4 Bxd4 27. cxd4 Qxc2
28. Rf2 Qxe4 29. dxe5 Nh3+ 30. Kh1 Qxe3 0-1